000 00665nam a2200241 a 4500
005 20210219153459.0
008 991125n 000 0 eng u
035 _aUPN01000102184
100 _aJahnke, Heather Casper
222 _aJOURNAL OF YOUTH AND ADOLESCENCE
245 _aA test of two models of adolescent egocentrism
300 _a313-326
362 _a1993 22, no. 3
653 0 _aADOLESCENTES
653 0 _aCONOCIMIENTO SOCIAL
653 0 _aEGOCENTRISMO
653 0 _aMODELOS
653 0 _aOPERACIONES FORMALES
653 0 _aRELACIONES INTERPERSONALES
700 _aBlanchard-Fields, Fredda
904 _aAC
_b039995
905 _aArticulo
999 _c78045
_d78045